| 000 | 00755nam a22001695i 4500 | ||
|---|---|---|---|
| 001 | 164106 | ||
| 003 | ES-MaACL | ||
| 005 | 20230906212855.0 | ||
| 008 | 021128s1877 fr |||| | fre d | ||
| 040 |
_aNA _bspa _cNA |
||
| 100 | 1 |
_aRuble, Alphonse de. _9132158 |
|
| 245 | 1 | 3 |
_aLe mariage de Jeanne d'Albret / _cpar le baron Alphonse de Ruble. |
| 260 |
_aParis : _bAdolphe Labitte ..., _c1877. |
||
| 300 |
_aXIV, 319 p. ; _c25 cm. |
||
| 600 | 1 | 4 |
_aJuana _bIII _cReina de Navarra. _9125583 |
| 852 |
_aES-MaACL _jG-4504 _z-- Enc. hol. _x-- Edic.: Este ejemplar tiene XIV, 321 p. -- El imp. consta en colofón: Nogent-le-Rotrou : Imprimerie Gouverneur G. Daupeley -- Consta de [1] h. de lám. retrato de Jeanne d'Albret: "P. Le rat sc. 1876, Imp. A. Salmon" |
||
| 999 |
_c164106 _d164106 |
||